Fictions of Citizenship Bodies without Sex : (Record no. 18497)
[ view plain ]
| 000 -LEADER | |
|---|---|
| fixed length control field | 00859nam a22001817a 4500 |
| 008 - FIXED-LENGTH DATA ELEMENTS--GENERAL INFORMATION | |
| fixed length control field | 220309b |||||||| |||| 00| 0 eng d |
| 022 ## - INTERNATIONAL STANDARD SERIAL NUMBER | |
| International Standard Serial Number | 0799-0537 |
| 100 ## - MAIN ENTRY--PERSONAL NAME | |
| Relator term | Robinson, Tracy S. |
| 245 ## - TITLE STATEMENT | |
| Title | Fictions of Citizenship Bodies without Sex : |
| Remainder of title | The Production and Effacement of Gender in Law. |
| Statement of responsibility, etc. | Tracy S. Robinson. |
| 260 ## - PUBLICATION, DISTRIBUTION, ETC. (IMPRINT) | |
| Place of publication, distribution, etc. | Kingston, Jamaica. |
| Name of publisher, distributor, etc. | The UWI Press for the Small Axe Collective. |
| Date of publication, distribution, etc. | March 2000. |
| 300 ## - PHYSICAL DESCRIPTION | |
| Extent | 1-27pp.: ill.; |
| Dimensions | 23cm. |
| 310 ## - CURRENT PUBLICATION FREQUENCY | |
| Current publication frequency | Twice per year (March and September). |
| 440 ## - SERIES STATEMENT/ADDED ENTRY--TITLE | |
| Title | small axe: a journal of criticism. |
| Number of part/section of a work | No. 1. |
| Volume/sequential designation | Vol. 4. |
| 500 ## - GENERAL NOTE | |
| General note | There is no single issue on which there has been greater feminist engagement with the state in the Caribbean region in recent times than violence against women. |
| 521 ## - TARGET AUDIENCE NOTE | |
| Source | Copyright. The UWI Press for the Small Axe Collective. |
| 690 ## - LOCAL SUBJECT ADDED ENTRY--TOPICAL TERM (OCLC, RLIN) | |
| Topical term following geographic name as entry element | Sex roles; Sex. |
| 942 ## - ADDED ENTRY ELEMENTS (KOHA) | |
| Source of classification or shelving scheme | Dewey Decimal Classification |
| Koha item type | Serials |
| Withdrawn status | Lost status | Source of classification or shelving scheme | Damaged status | Not for loan | Home library | Current library | Shelving location | Date acquired | Total Checkouts | Date last seen | Price effective from | Koha item type |
|---|---|---|---|---|---|---|---|---|---|---|---|---|
| Dewey Decimal Classification | Wesley Powell Learning Resource Centre | Wesley Powell Learning Resource Centre | On Display | 03/09/2022 | 03/09/2022 | 03/09/2022 | Serials |